[Event "Welsh Open Chess Championship"]
[Site "Mercure Cardiff North Hotel, Circle Way East, Llanedeyrn, Cardiff CF23 9XF"]
[Date "2024.04.01"]
[Round "6"]
[Board "15"]
[White "Enoch, Stuart"]
[Black "Enoch, Kristan"]
[Result "0-1"]
[WhiteElo "1629"]
[BlackElo "1554"]
[PlyCount "60"]
[EventDate "2024.03.29"]
[EventType "swiss"]
[EventRounds "7"]
[EventCountry "WLS"]

1. g3 {[%emt 0:03:18]} d5 {[%emt 0:00:08]} 2. Nf3 {[%emt 0:00:18]} c5 {[%emt 0:00:20]} 3. b3 {[%emt 0:01:04]} Nf6 {[%emt 0:00:57]} 4. Bb2 {[%emt 0:00:32]} e6 {[%emt 0:00:22]} 5. Bg2 {[%emt 0:00:18]} Be7 {[%emt 0:00:17]} 6. e3 {[%emt 0:03:14]} O-O {[%emt 0:00:18]} 7. Nc3 {[%emt 0:01:03]} Nc6 {[%emt 0:00:31]} 8. Ne2 {[%emt 0:01:39]} b5 {[%emt 0:07:01]} 9. h4 {[%emt 0:07:08]} c4 {[%emt 0:01:41]} 10. h5 {[%emt 0:05:05]} h6 {[%emt 0:00:28]} 11. Nf4 {[%emt 0:04:54]} Bd6 {[%emt 0:13:24]} 12. Nh4 {[%emt 0:07:52]} Nb4 {[%emt 0:06:18]} 13. a3 {[%emt 0:04:45]} Nc6 {[%emt 0:03:55]} 14. Rg1 {[%emt 0:06:41]} Be5 {[%emt 0:04:13]} 15. Qc1 {[%emt 0:05:19]} Bxb2 {[%emt 0:00:19]} 16. Qxb2 {[%emt 0:00:15]} e5 {[%emt 0:00:27]} 17. Ne2 {[%emt 0:04:40]} e4 {[%emt 0:07:03]} 18. O-O-O {[%emt 0:03:50]} Bg4 {[%emt 0:01:18]} 19. f3 {[%emt 0:02:43]} exf3 {[%emt 0:00:11]} 20. Bxf3 {[%emt 0:00:56]} Bxf3 {[%emt 0:00:20]} 21. Nxf3 {[%emt 0:00:13]} cxb3 {[%emt 0:00:09]} 22. cxb3 {[%emt 0:01:19]} Qc7 {[%emt 0:01:46]} 23. Kb1 {[%emt 0:01:02]} Qe7 {[%emt 0:02:55]} 24. g4 {[%emt 0:02:37]} Qe4+ {[%emt 0:00:07]} 25. Ka2 {[%emt 0:02:37]} Qxf3 {[%emt 0:15:27]} 26. Nf4 {[%emt 0:01:56]} Nh7 {[%emt 0:03:26]} 27. Rdf1 {[%emt 0:01:27]} Qe4 {[%emt 0:00:30]} 28. Nh3 {[%emt 0:00:41]} Qe5 {[%emt 0:01:20]} 29. Qb1 {[%emt 0:00:31]} a5 {[%emt 0:00:58]} 30. Rf5 {[%emt 0:00:42]} Nb4+ {[%emt 0:00:09]} 0-1

[Event "Welsh Open Chess Championship"]
[Site "Mercure Cardiff North Hotel, Circle Way East, Llanedeyrn, Cardiff CF23 9XF"]
[Date "2024.04.01"]
[Round "6"]
[Board "16"]
[White "Funmilayo, Feyikemi Anthony"]
[Black "Moulson, Paul"]
[Result "1-0"]
[WhiteElo "1950"]
[BlackElo "1623"]
[Annotator "Home"]
[PlyCount "55"]
[EventDate "2024.03.29"]
[EventType "swiss"]
[EventRounds "7"]
[EventCountry "WLS"]

{[%evp 0,55,26,19,23,6,17,23,16,4,16,4,15,15,11,11,8,19,95,87,71,59,67,60,73,66,66,62,75,64,83,58,86,91,93,89,161,31,26,6,37,-41,158,137,294,307,368,391,397,365,569,546,1909,1932,1943,2005,29993,29994]} 1. d4 Nf6 2. c4 e5 3. dxe5 Ng4 4. Nf3 Nc6 5. Nc3 Bc5 6. Ne4 Bb4+ 7. Bd2 Bxd2+ 8. Qxd2 f5 9. exf6 Nxf6 10. Ng3 d6 11. e3 Bd7 12. Bd3 Qe7 13. O-O O-O-O 14. b4 Ne5 15. Nd4 Nxd3 16. Qxd3 g6 17. a4 h5 18. Rfc1 h4 19. Nge2 h3 20. g3 Rdf8 21. Nf4 Qe8 22. Nxg6 c5 23. Nb5 Bxb5 24. cxb5 Qd7 25. Nxh8 Qg4 26. Qxd6 Nd7 27. Rxc5+ Kd8 28. Rac1 1-0

[Event "Welsh Open Chess Championship"]
[Site "Mercure Cardiff North Hotel, Circle Way East, Llanedeyrn, Cardiff CF23 9XF"]
[Date "2024.04.01"]
[Round "7"]
[Board "1"]
[White "Honey, Luke"]
[Black "Thomas, Mark"]
[Result "1-0"]
[WhiteElo "1939"]
[BlackElo "1876"]
[PlyCount "45"]
[EventDate "2024.03.29"]
[EventType "swiss"]
[EventRounds "7"]
[EventCountry "WLS"]

1. e4 {[%emt 0:00:04]} g6 {[%emt 0:00:07]} 2. Nc3 {[%emt 0:00:07]} Bg7 {[%emt 0:00:09]} 3. d4 {[%emt 0:00:04]} d6 {[%emt 0:00:07]} 4. Bg5 {[%emt 0:00:04]} Nc6 {[%emt 0:00:16]} 5. Nge2 {[%emt 0:00:08]} a6 {[%emt 0:00:41]} 6. Qd2 {[%emt 0:01:11]} b5 {[%emt 0:00:36]} 7. f3 {[%emt 0:02:27]} Bb7 {[%emt 0:00:33]} 8. h4 {[%emt 0:01:25]} h6 {[%emt 0:00:43]} 9. Be3 {[%emt 0:00:41]} Nf6 {[%emt 0:00:19]} 10. a3 {[%emt 0:02:07]} Rc8 {[%emt 0:01:33]} 11. d5 {[%emt 0:04:03]} Ne5 {[%emt 0:00:19]} 12. Nd4 {[%emt 0:00:23]} c5 {[%emt 0:00:34]} 13. dxc6 {[%emt 0:00:20]} Nxc6 {[%emt 0:00:33]} 14. Be2 {[%emt 0:02:21]} Ne5 {[%emt 0:00:42]} 15. Nb3 {[%emt 0:07:18]} Nc4 {[%emt 0:02:34]} 16. Bxc4 {[%emt 0:00:21]} Rxc4 {[%emt 0:00:32]} 17. O-O-O {[%emt 0:01:43]} Qc7 {[%emt 0:01:37]} 18. Bd4 {[%emt 0:03:52]} O-O {[%emt 0:03:12]} 19. g4 {[%emt 0:01:34]} Rc8 {[%emt 0:01:33]} 20. g5 {[%emt 0:13:07]} e5 {[%emt 0:12:32]} 21. gxf6 {[%emt 0:09:11]} exd4 {[%emt 0:00:26]} 22. fxg7 {[%emt 0:00:14]} Rxc3 {[%emt 0:07:11]} 23. bxc3 {[%emt 0:01:10]} 1-0

[Event "Welsh Open Chess Championship"]
[Site "Mercure Cardiff North Hotel, Circle Way East, Llanedeyrn, Cardiff CF23 9XF"]
[Date "2024.04.01"]
[Round "7"]
[Board "2"]
[White "Whittington, Reece W"]
[Black "McGhee, David"]
[Result "0-1"]
[WhiteElo "1791"]
[BlackElo "1754"]
[PlyCount "176"]
[EventDate "2024.03.29"]
[EventType "swiss"]
[EventRounds "7"]
[EventCountry "WLS"]

1. d4 {[%emt 0:00:05]} Nf6 {[%emt 0:00:10]} 2. Nf3 {[%emt 0:00:14]} g6 {[%emt 0:00:13]} 3. c4 {[%emt 0:00:15]} Bg7 {[%emt 0:00:26]} 4. g3 {[%emt 0:00:18]} O-O {[%emt 0:00:28]} 5. Bg2 {[%emt 0:00:07]} c5 {[%emt 0:01:08]} 6. O-O {[%emt 0:01:47]} cxd4 {[%emt 0:00:50]} 7. Nxd4 {[%emt 0:00:39]} Nc6 {[%emt 0:04:22]} 8. Nc3 {[%emt 0:04:54]} Nxd4 {[%emt 0:03:14]} 9. Qxd4 {[%emt 0:00:19]} d6 {[%emt 0:00:51]} 10. Qd3 {[%emt 0:03:54]} Rb8 {[%emt 0:02:04]} 11. b3 {[%emt 0:08:18]} Bd7 {[%emt 0:08:41]} 12. Be3 {[%emt 0:02:47]} a6 {[%emt 0:01:51]} 13. Rac1 {[%emt 0:02:19]} Qa5 {[%emt 0:08:35]} 14. Qd2 {[%emt 0:05:12]} Bc6 {[%emt 0:03:56]} 15. Nd5 {[%emt 0:04:57]} Qd8 {[%emt 0:02:14]} 16. Bb6 {[%emt 0:11:53]} Qd7 {[%emt 0:01:25]} 17. Rfd1 {[%emt 0:01:28]} Bxd5 {[%emt 0:05:41]} 18. cxd5 {[%emt 0:00:38]} Rbc8 {[%emt 0:00:40]} 19. Rc4 {[%emt 0:09:06]} Rxc4 {[%emt 0:00:59]} 20. bxc4 {[%emt 0:00:05]} Rc8 {[%emt 0:00:56]} 21. Qb4 {[%emt 0:00:45]} Qg4 {[%emt 0:02:08]} 22. Rc1 {[%emt 0:20:15]} Qxe2 {[%emt 0:06:24]} 23. Bh3 {[%emt 0:03:19]} Nxd5 {[%emt 0:02:29]} 24. Qb3 {[%emt 0:04:49]} e6 {[%emt 0:07:19]} 25. Bf1 {[%emt 0:02:36]} Qb2 {[%emt 0:02:45]} 26. Rb1 {[%emt 0:00:26]} Qxb3 {[%emt 0:00:27]} 27. Rxb3 {[%emt 0:00:05]} Nxb6 {[%emt 0:00:15]} 28. Rxb6 {[%emt 0:00:05]} Rc7 {[%emt 0:01:07]} 29. Rxd6 {[%emt 0:00:17]} Be5 {[%emt 0:01:48]} 30. Rb6 {[%emt 0:01:20]} Bd4 {[%emt 0:00:17]} 31. Rd6 {[%emt 0:00:27]} Bc5 {[%emt 0:01:42]} 32. Rd2 {[%emt 0:01:01]} Rc6 {[%emt 0:00:39]} 33. Bg2 {[%emt 0:03:31]} Rb6 {[%emt 0:00:27]} 34. Kf1 {[%emt 0:00:22]} Rb1+ {[%emt 0:01:29]} 35. Ke2 {[%emt 0:00:09]} b6 {[%emt 0:01:20]} 36. Be4 {[%emt 0:01:55]} Rb4 {[%emt 0:02:46]} 37. Kd3 {[%emt 0:00:45]} Ra4 {[%emt 0:03:43]} 38. Bc6 {[%emt 0:02:48]} Ra3+ {[%emt 0:00:29]} 39. Ke2 {[%emt 0:01:23]} Rc3 {[%emt 0:01:40]} 40. Bb7 {[%emt 0:00:06]} a5 {[%emt 0:00:17]} 41. Ba6 {[%emt 0:00:19]} Kg7 {[%emt 0:02:09]} 42. f3 {[%emt 0:01:01]} Re3+ {[%emt 0:02:16]} 43. Kf2 {[%emt 0:01:46]} h5 {[%emt 0:00:36]} 44. Re2 {[%emt 0:04:29]} Rd3+ {[%emt 0:00:57]} 45. Kg2 {[%emt 0:00:08]} g5 {[%emt 0:00:52]} 46. Rc2 {[%emt 0:03:44]} Kg6 {[%emt 0:02:48]} 47. Bb7 {[%emt 0:00:15]} Rd1 {[%emt 0:01:06]} 48. h3 {[%emt 0:03:19]} e5 {[%emt 0:01:20]} 49. g4 {[%emt 0:02:18]} f5 {[%emt 0:02:20]} 50. Bc8 {[%emt 0:03:00]} hxg4 {[%emt 0:01:28]} 51. hxg4 {[%emt 0:00:06]} fxg4 {[%emt 0:01:03]} 52. fxg4 {[%emt 0:00:06]} Rg1+ {[%emt 0:01:18]} 53. Kf3 {[%emt 0:00:54]} Kf6 {[%emt 0:02:07]} 54. Bf5 {[%emt 0:02:01]} Ke7 {[%emt 0:04:45]} 55. Be4 {[%emt 0:06:39]} Kd6 {[%emt 0:01:36]} 56. Bd5 {[%emt 0:00:49]} Rf1+ {[%emt 0:00:33]} 57. Kg3 {[%emt 0:01:51]} Bd4 {[%emt 0:01:30]} 58. Rh2 {[%emt 0:01:28]} Kc5 {[%emt 0:01:20]} 59. Rh6 {[%emt 0:00:46]} Ra1 {[%emt 0:02:33]} 60. Rg6 {[%emt 0:01:16]} Rxa2 {[%emt 0:01:34]} 61. Rxg5 {[%emt 0:03:32]} b5 {[%emt 0:01:12]} 62. Rf5 {[%emt 0:02:43]} bxc4 {[%emt 0:00:43]} 63. Be4 {[%emt 0:00:29]} c3 {[%emt 0:01:20]} 64. Rf1 {[%emt 0:00:15]} Be3 {[%emt 0:01:12]} 65. Kf3 {[%emt 0:00:44]} Kd4 {[%emt 0:00:55]} 66. Rd1+ {[%emt 0:00:51]} Bd2 {[%emt 0:01:19]} 67. Bf5 {[%emt 0:01:30]} Kc5 {[%emt 0:02:11]} 68. Ke2 {[%emt 0:00:48]} Bf4+ {[%emt 0:02:13]} 69. Kf3 {[%emt 0:01:30]} c2 {[%emt 0:00:39]} 70. Bxc2 {[%emt 0:00:23]} Rxc2 {[%emt 0:00:05]} 71. Ke4 {[%emt 0:00:04]} Kc4 {[%emt 0:01:04]} 72. Rd8 {[%emt 0:00:25]} a4 {[%emt 0:00:49]} 73. Rc8+ {[%emt 0:00:40]} Kb3 {[%emt 0:00:08]} 74. Rb8+ {[%emt 0:00:10]} Ka2 {[%emt 0:00:15]} 75. Kf5 {[%emt 0:00:09]} a3 {[%emt 0:00:29]} 76. g5 {[%emt 0:00:04]} Bxg5 {[%emt 0:00:18]} 77. Kxg5 {[%emt 0:00:04]} Ka1 {[%emt 0:00:48]} 78. Kf5 {[%emt 0:00:08]} Re2 {[%emt 0:00:11]} 79. Rb7 {[%emt 0:00:16]} a2 {[%emt 0:00:08]} 80. Rb5 {[%emt 0:00:10]} Rb2 {[%emt 0:00:43]} 81. Rxe5 {[%emt 0:00:16]} Kb1 {[%emt 0:00:04]} 82. Re1+ {[%emt 0:00:32]} Kc2 {[%emt 0:00:05]} 83. Re2+ {[%emt 0:00:17]} Kc3 {[%emt 0:00:23]} 84. Re3+ {[%emt 0:00:05]} Kb4 {[%emt 0:00:11]} 85. Re4+ {[%emt 0:00:13]} Ka3 {[%emt 0:00:08]} 86. Re8 {[%emt 0:00:23]} Rb1 {[%emt 0:00:56]} 87. Ra8+ {[%emt 0:00:10]} Kb2 {[%emt 0:00:11]} 88. Rb8+ {[%emt 0:00:36]} Kc2 {[%emt 0:00:07]} 0-1

[Event "Welsh Open Chess Championship"]
[Site "Mercure Cardiff North Hotel, Circle Way East, Llanedeyrn, Cardiff CF23 9XF"]
[Date "2024.04.01"]
[Round "7"]
[Board "3"]
[White "Roberts, David L"]
[Black "Browse, Joseph"]
[Result "1-0"]
[WhiteElo "1972"]
[BlackElo "1726"]
[PlyCount "119"]
[EventDate "2024.03.29"]
[EventType "swiss"]
[EventRounds "7"]
[EventCountry "WLS"]

1. e4 {[%emt 0:00:02]} g6 {[%emt 0:00:20]} 2. d4 {[%emt 0:00:16]} Bg7 {[%emt 0:00:05]} 3. Nc3 {[%emt 0:00:10]} d6 {[%emt 0:00:06]} 4. Be3 {[%emt 0:00:07]} a6 {[%emt 0:00:18]} 5. Qd2 {[%emt 0:00:20]} h6 {[%emt 0:01:01]} 6. Bd3 {[%emt 0:03:55]} e6 {[%emt 0:00:46]} 7. h4 {[%emt 0:03:03]} Ne7 {[%emt 0:04:52]} 8. Nf3 {[%emt 0:02:47]} Nd7 {[%emt 0:00:54]} 9. O-O-O {[%emt 0:02:14]} b5 {[%emt 0:04:28]} 10. e5 {[%emt 0:09:09]} d5 {[%emt 0:10:57]} 11. Kb1 {[%emt 0:07:03]} Nb6 {[%emt 0:02:43]} 12. h5 {[%emt 0:03:43]} g5 {[%emt 0:09:34]} 13. Nxg5 {[%emt 0:03:44]} hxg5 {[%emt 0:00:21]} 14. Bxg5 {[%emt 0:00:36]} Qd7 {[%emt 0:11:02]} 15. h6 {[%emt 0:01:07]} Bxh6 {[%emt 0:08:42]} 16. Rxh6 {[%emt 0:02:17]} Rxh6 {[%emt 0:00:41]} 17. Bxh6 {[%emt 0:00:05]} Nc4 {[%emt 0:02:50]} 18. Qg5 {[%emt 0:02:19]} Bb7 {[%emt 0:03:04]} 19. Bf8 {[%emt 0:07:41]} Kxf8 {[%emt 0:05:08]} 20. Qh6+ {[%emt 0:00:31]} Ke8 {[%emt 0:01:18]} 21. Qh8+ {[%emt 0:00:16]} Ng8 {[%emt 0:00:08]} 22. Qxg8+ {[%emt 0:00:12]} Ke7 {[%emt 0:00:07]} 23. Qg5+ {[%emt 0:00:36]} Ke8 {[%emt 0:00:26]} 24. Rh1 {[%emt 0:00:20]} Qe7 {[%emt 0:00:12]} 25. Rh8+ {[%emt 0:07:26]} Kd7 {[%emt 0:00:08]} 26. Qxe7+ {[%emt 0:00:27]} Kxe7 {[%emt 0:00:06]} 27. Rxa8 {[%emt 0:00:19]} Bxa8 {[%emt 0:00:05]} 28. Bxc4 {[%emt 0:07:56]} dxc4 {[%emt 0:00:18]} 29. g3 {[%emt 0:01:09]} Bf3 {[%emt 0:00:46]} 30. Kc1 {[%emt 0:00:49]} f6 {[%emt 0:07:43]} 31. Kd2 {[%emt 0:00:50]} f5 {[%emt 0:00:45]} 32. Ke3 {[%emt 0:01:42]} Bh5 {[%emt 0:03:16]} 33. f3 {[%emt 0:01:41]} c6 {[%emt 0:06:08]} 34. Ne2 {[%emt 0:00:38]} Bg6 {[%emt 0:00:40]} 35. Nf4 {[%emt 0:01:57]} Kf7 {[%emt 0:01:38]} 36. c3 {[%emt 0:02:31]} a5 {[%emt 0:02:27]} 37. a3 {[%emt 0:01:01]} a4 {[%emt 0:00:32]} 38. Ng2 {[%emt 0:02:05]} Kg7 {[%emt 0:01:12]} 39. Kf4 {[%emt 0:00:16]} Kh6 {[%emt 0:01:38]} 40. Ne1 {[%emt 0:00:27]} Bf7 {[%emt 0:04:16]} 41. Nc2 {[%emt 0:00:13]} Kg6 {[%emt 0:04:31]} 42. Nb4 {[%emt 0:00:11]} Be8 {[%emt 0:00:13]} 43. Na6 {[%emt 0:00:24]} Bd7 {[%emt 0:00:55]} 44. Nc5 {[%emt 0:07:38]} Bc8 {[%emt 0:00:13]} 45. g4 {[%emt 0:00:19]} fxg4 {[%emt 0:00:29]} 46. fxg4 {[%emt 0:00:14]} Kh6 {[%emt 0:00:13]} 47. Ne4 {[%emt 0:01:55]} Kg6 {[%emt 0:03:27]} 48. Kg3 {[%emt 0:01:41]} Bd7 {[%emt 0:00:40]} 49. Nf6 {[%emt 0:00:52]} Bc8 {[%emt 0:00:13]} 50. Kh4 {[%emt 0:00:17]} Bb7 {[%emt 0:03:36]} 51. Nh5 {[%emt 0:01:44]} Bc8 {[%emt 0:00:38]} 52. Nf4+ {[%emt 0:00:13]} Kh6 {[%emt 0:00:21]} 53. g5+ {[%emt 0:00:22]} Kg7 {[%emt 0:00:17]} 54. Kh5 {[%emt 0:00:56]} Bd7 {[%emt 0:01:12]} 55. g6 {[%emt 0:00:38]} Bc8 {[%emt 0:00:35]} 56. Kg5 {[%emt 0:00:11]} Bd7 {[%emt 0:00:15]} 57. Nh5+ {[%emt 0:00:12]} Kh8 {[%emt 0:02:12]} 58. Nf6 {[%emt 0:00:48]} Bc8 {[%emt 0:00:12]} 59. Kh6 {[%emt 0:00:09]} Ba6 {[%emt 0:00:10]} 60. g7# {[%emt 0:00:06]} 1-0

[Event "Welsh Open Chess Championship"]
[Site "Mercure Cardiff North Hotel, Circle Way East, Llanedeyrn, Cardiff CF23 9XF"]
[Date "2024.04.01"]
[Round "7"]
[Board "4"]
[White "Thomas, Roy"]
[Black "Westcott, Dale"]
[Result "1-0"]
[WhiteElo "1804"]
[BlackElo "1772"]
[PlyCount "61"]
[EventDate "2024.03.29"]
[EventType "swiss"]
[EventRounds "7"]
[EventCountry "WLS"]

1. f4 {[%emt 0:00:03]} d5 {[%emt 0:00:08]} 2. Nf3 {[%emt 0:00:08]} Nf6 {[%emt 0:00:15]} 3. e3 {[%emt 0:00:08]} Bf5 {[%emt 0:00:36]} 4. Be2 {[%emt 0:00:52]} e6 {[%emt 0:00:26]} 5. O-O {[%emt 0:00:36]} Be7 {[%emt 0:01:21]} 6. Ne5 {[%emt 0:06:44]} Nbd7 {[%emt 0:01:39]} 7. Nc3 {[%emt 0:09:07]} Nxe5 {[%emt 0:02:24]} 8. fxe5 {[%emt 0:00:23]} Ne4 {[%emt 0:00:33]} 9. d4 {[%emt 0:05:00]} Bh4 {[%emt 0:06:10]} 10. Nxe4 {[%emt 0:02:42]} Bxe4 {[%emt 0:00:37]} 11. Bd3 {[%emt 0:03:42]} Bg6 {[%emt 0:03:59]} 12. Qf3 {[%emt 0:02:33]} Qe7 {[%emt 0:02:20]} 13. g3 {[%emt 0:03:06]} Bg5 {[%emt 0:00:40]} 14. e4 {[%emt 0:01:06]} Bxc1 {[%emt 0:01:38]} 15. Raxc1 {[%emt 0:00:09]} dxe4 {[%emt 0:02:10]} 16. Bxe4 {[%emt 0:00:31]} Bxe4 {[%emt 0:00:28]} 17. Qxe4 {[%emt 0:00:08]} O-O {[%emt 0:01:22]} 18. Qxb7 {[%emt 0:02:01]} Rab8 {[%emt 0:00:35]} 19. Qxa7 {[%emt 0:00:31]} Ra8 {[%emt 0:00:15]} 20. Qc5 {[%emt 0:01:57]} Qxc5 {[%emt 0:00:27]} 21. dxc5 {[%emt 0:00:05]} Rxa2 {[%emt 0:00:11]} 22. b4 {[%emt 0:00:12]} Rb2 {[%emt 0:00:17]} 23. c3 {[%emt 0:00:27]} Rd8 {[%emt 0:01:05]} 24. Rfd1 {[%emt 0:00:22]} Rdd2 {[%emt 0:00:06]} 25. Rxd2 Rxd2 26. b5 {[%emt 0:02:51]} Rb2 {[%emt 0:00:51]} 27. Rd1 {[%emt 0:00:37]} g6 {[%emt 0:00:42]} 28. c4 Rc2 {[%emt 0:02:58]} 29. Rd7 {[%emt 0:02:05]} Rxc4 {[%emt 0:01:02]} 30. Rxc7 {[%emt 0:00:07]} Kf8 {[%emt 0:00:29]} 31. b6 {[%emt 0:00:16]} 1-0

[Event "Welsh Open Chess Championship"]
[Site "Mercure Cardiff North Hotel, Circle Way East, Llanedeyrn, Cardiff CF23 9XF"]
[Date "2024.04.01"]
[Round "7"]
[Board "5"]
[White "Beeston, Darson"]
[Black "Zheng, Lucas"]
[Result "1-0"]
[WhiteElo "1801"]
[BlackElo "1617"]
[PlyCount "63"]
[EventDate "2024.03.29"]
[EventType "swiss"]
[EventRounds "7"]
[EventCountry "WLS"]

1. e4 {[%emt 0:00:03]} c5 {[%emt 0:00:07]} 2. Nf3 {[%emt 0:00:11]} Nc6 {[%emt 0:00:10]} 3. d4 {[%emt 0:00:06]} cxd4 {[%emt 0:00:07]} 4. Nxd4 {[%emt 0:00:04]} d6 {[%emt 0:00:06]} 5. Nc3 {[%emt 0:00:24]} Nf6 {[%emt 0:00:07]} 6. Bg5 {[%emt 0:01:06]} Nxd4 {[%emt 0:02:40]} 7. Qxd4 {[%emt 0:01:03]} e5 {[%emt 0:00:18]} 8. Qa4+ {[%emt 0:07:19]} Bd7 {[%emt 0:00:31]} 9. Bb5 {[%emt 0:00:49]} a6 {[%emt 0:00:55]} 10. Bxd7+ {[%emt 0:00:14]} Qxd7 {[%emt 0:00:10]} 11. Qxd7+ {[%emt 0:01:14]} Nxd7 {[%emt 0:00:09]} 12. Nd5 {[%emt 0:00:08]} Rc8 {[%emt 0:00:14]} 13. O-O {[%emt 0:10:44]} f6 {[%emt 0:00:41]} 14. Be3 {[%emt 0:02:25]} Be7 {[%emt 0:00:52]} 15. c3 {[%emt 0:01:22]} Bd8 {[%emt 0:00:31]} 16. Rfd1 {[%emt 0:01:49]} a5 {[%emt 0:01:31]} 17. a4 {[%emt 0:04:48]} O-O {[%emt 0:00:34]} 18. b4 {[%emt 0:00:32]} axb4 {[%emt 0:01:29]} 19. cxb4 {[%emt 0:00:14]} Rc4 {[%emt 0:01:43]} 20. f3 {[%emt 0:00:35]} Nb8 {[%emt 0:01:47]} 21. Rac1 {[%emt 0:05:20]} Rxc1 {[%emt 0:01:20]} 22. Rxc1 {[%emt 0:02:13]} Nc6 23. b5 {[%emt 0:00:07]} Na5 {[%emt 0:00:57]} 24. g4 {[%emt 0:08:16]} Kf7 {[%emt 0:05:23]} 25. h4 {[%emt 0:06:56]} h6 {[%emt 0:01:01]} 26. Rc8 {[%emt 0:03:28]} Be7 {[%emt 0:01:52]} 27. Rc7 {[%emt 0:00:17]} Re8 {[%emt 0:01:15]} 28. Bb6 {[%emt 0:00:47]} Nb3 {[%emt 0:00:45]} 29. Rxb7 {[%emt 0:00:32]} Nc5 {[%emt 0:00:23]} 30. Bxc5 {[%emt 0:04:55]} dxc5 {[%emt 0:00:22]} 31. a5 {[%emt 0:03:13]} Ke6 {[%emt 0:00:40]} 32. Nc7+ {[%emt 0:00:28]} 1-0

[Event "Welsh Open Chess Championship"]
[Site "Mercure Cardiff North Hotel, Circle Way East, Llanedeyrn, Cardiff CF23 9XF"]
[Date "2024.04.01"]
[Round "7"]
[Board "6"]
[White "Smith, Chris P"]
[Black "Jones, Steve"]
[Result "1/2-1/2"]
[WhiteElo "1669"]
[BlackElo "1791"]
[PlyCount "48"]
[EventDate "2024.03.29"]
[EventType "swiss"]
[EventRounds "7"]
[EventCountry "WLS"]

1. d4 {[%emt 0:00:05]} Nf6 {[%emt 0:00:09]} 2. c4 {[%emt 0:00:05]} e5 {[%emt 0:00:14]} 3. dxe5 {[%emt 0:00:17]} Ne4 {[%emt 0:00:14]} 4. Nf3 {[%emt 0:00:29]} d6 {[%emt 0:02:23]} 5. Qc2 {[%emt 0:04:43]} Bf5 {[%emt 0:06:26]} 6. Qa4+ {[%emt 0:06:25]} c6 {[%emt 0:04:02]} 7. Bf4 {[%emt 0:03:55]} Qb6 {[%emt 0:03:30]} 8. Be3 {[%emt 0:09:51]} Qxb2 {[%emt 0:03:35]} 9. Bd4 {[%emt 0:00:32]} Qc1+ {[%emt 0:00:40]} 10. Qd1 {[%emt 0:00:07]} Qxc4 {[%emt 0:03:56]} 11. exd6 {[%emt 0:02:21]} c5 {[%emt 0:10:59]} 12. Be5 {[%emt 0:09:03]} f6 {[%emt 0:06:16]} 13. Bf4 {[%emt 0:03:24]} Nc6 {[%emt 0:06:09]} 14. e3 {[%emt 0:02:28]} Qb4+ {[%emt 0:01:05]} 15. Nbd2 {[%emt 0:01:11]} O-O-O {[%emt 0:02:37]} 16. Bd3 {[%emt 0:01:18]} Nxd6 {[%emt 0:05:00]} 17. Bxf5+ {[%emt 0:05:03]} Nxf5 {[%emt 0:01:33]} 18. O-O {[%emt 0:03:51]} Ne5 {[%emt 0:02:38]} 19. Bxe5 {[%emt 0:04:11]} fxe5 {[%emt 0:00:46]} 20. Qc2 {[%emt 0:01:19]} g6 {[%emt 0:03:49]} 21. Rab1 {[%emt 0:05:44]} Qa5 {[%emt 0:00:56]} 22. Nc4 {[%emt 0:01:29]} Qc7 {[%emt 0:00:38]} 23. Ncxe5 {[%emt 0:02:27]} Bg7 {[%emt 0:03:01]} 24. Nc4 {[%emt 0:03:35]} Rhe8 {[%emt 0:01:42]} 1/2-1/2

[Event "Welsh Open Chess Championship"]
[Site "Mercure Cardiff North Hotel, Circle Way East, Llanedeyrn, Cardiff CF23 9XF"]
[Date "2024.04.01"]
[Round "7"]
[Board "7"]
[White "Mckenna, Joshua"]
[Black "Di-Vetta, Andrew"]
[Result "1/2-1/2"]
[WhiteElo "1699"]
[BlackElo "1783"]
[PlyCount "113"]
[EventDate "2024.03.29"]
[EventType "swiss"]
[EventRounds "7"]
[EventCountry "WLS"]

1. e4 {[%emt 0:00:01]} c5 {[%emt 0:00:06]} 2. Nf3 {[%emt 0:00:13]} d6 {[%emt 0:00:09]} 3. d4 {[%emt 0:00:11]} cxd4 {[%emt 0:00:04]} 4. Nxd4 {[%emt 0:00:09]} a6 {[%emt 0:00:23]} 5. Nc3 {[%emt 0:01:31]} g6 {[%emt 0:00:44]} 6. Be3 {[%emt 0:01:01]} Bg7 {[%emt 0:00:45]} 7. f3 {[%emt 0:00:31]} Bd7 {[%emt 0:01:23]} 8. Qd2 {[%emt 0:01:23]} b5 {[%emt 0:00:42]} 9. a3 {[%emt 0:01:37]} Nc6 {[%emt 0:01:10]} 10. Nd5 {[%emt 0:03:49]} Rb8 {[%emt 0:01:14]} 11. Be2 {[%emt 0:09:44]} Nf6 {[%emt 0:01:01]} 12. Nxc6 {[%emt 0:05:08]} Bxc6 {[%emt 0:00:09]} 13. Nb4 {[%emt 0:01:30]} Qc8 {[%emt 0:01:16]} 14. Nxc6 {[%emt 0:03:32]} Qxc6 {[%emt 0:00:08]} 15. O-O {[%emt 0:01:18]} O-O {[%emt 0:01:34]} 16. c3 {[%emt 0:00:45]} Nd7 {[%emt 0:00:48]} 17. Rac1 {[%emt 0:02:31]} Nc5 {[%emt 0:00:34]} 18. Bd1 {[%emt 0:02:30]} Rfc8 {[%emt 0:01:07]} 19. Bc2 {[%emt 0:02:19]} Nd7 {[%emt 0:01:30]} 20. Bd1 {[%emt 0:03:54]} Nb6 {[%emt 0:00:19]} 21. Bf2 {[%emt 0:03:42]} Nc4 {[%emt 0:01:26]} 22. Qc2 {[%emt 0:00:57]} d5 {[%emt 0:01:29]} 23. exd5 {[%emt 0:01:36]} Qxd5 {[%emt 0:00:14]} 24. Be2 {[%emt 0:01:26]} Qc6 {[%emt 0:01:16]} 25. Bd3 {[%emt 0:04:09]} f5 {[%emt 0:00:58]} 26. Bxc4+ {[%emt 0:00:54]} bxc4 {[%emt 0:01:19]} 27. Rfe1 {[%emt 0:01:27]} e5 {[%emt 0:01:00]} 28. Re2 {[%emt 0:04:18]} Rd8 {[%emt 0:01:43]} 29. Rce1 {[%emt 0:02:21]} Qb5 {[%emt 0:07:37]} 30. Bg3 {[%emt 0:01:51]} Rd5 {[%emt 0:00:42]} 31. Qc1 {[%emt 0:02:10]} Rbd8 {[%emt 0:00:46]} 32. Bh4 {[%emt 0:01:41]} R8d7 {[%emt 0:01:20]} 33. Bg3 {[%emt 0:02:48]} Qb6+ {[%emt 0:01:05]} 34. Bf2 {[%emt 0:02:10]} Qd8 {[%emt 0:00:14]} 35. Qc2 {[%emt 0:03:18]} Rd1 {[%emt 0:03:01]} 36. Qa4 {[%emt 0:03:02]} Rxe1+ {[%emt 0:00:43]} 37. Rxe1 {[%emt 0:00:17]} Qc8 {[%emt 0:00:39]} 38. Qc2 {[%emt 0:03:52]} Qc6 {[%emt 0:02:30]} 39. Bg3 {[%emt 0:01:50]} Rd5 {[%emt 0:00:39]} 40. Bf2 {[%emt 0:01:27]} Bh6 {[%emt 0:01:40]} 41. Be3 {[%emt 0:01:00]} Bxe3+ {[%emt 0:00:27]} 42. Rxe3 {[%emt 0:00:06]} Qd7 {[%emt 0:00:29]} 43. Qf2 {[%emt 0:07:55]} Rd1+ {[%emt 0:01:20]} 44. Re1 {[%emt 0:00:41]} Qd3 {[%emt 0:02:23]} 45. Qf1 {[%emt 0:03:08]} Rxe1 {[%emt 0:00:35]} 46. Qxe1 {[%emt 0:00:44]} e4 {[%emt 0:00:12]} 47. fxe4 {[%emt 0:02:43]} fxe4 {[%emt 0:00:09]} 48. Kf2 {[%emt 0:00:35]} Kf7 {[%emt 0:00:57]} 49. Qe3 {[%emt 0:00:50]} Ke6 {[%emt 0:02:14]} 50. Qb6+ {[%emt 0:03:51]} Ke5 {[%emt 0:02:10]} 51. Qc7+ {[%emt 0:01:03]} Kf5 {[%emt 0:03:43]} 52. Qf7+ {[%emt 0:01:08]} Kg5 {[%emt 0:00:54]} 53. Qe7+ {[%emt 0:00:27]} Kf5 {[%emt 0:03:18]} 54. Qf7+ {[%emt 0:00:20]} Ke5 {[%emt 0:00:54]} 55. Qe7+ {[%emt 0:00:17]} Kd5 {[%emt 0:00:49]} 56. Qd7+ {[%emt 0:00:11]} Kc5 {[%emt 0:00:46]} 57. Qc7+ {[%emt 0:00:12]} 1/2-1/2